| 000 | 01000pam a2200289 a 4500 | ||
|---|---|---|---|
| 001 | 2270 | ||
| 005 | 20250605090712.0 | ||
| 020 | _a0590431617 | ||
| 020 | _a9780590431620 | ||
| 040 |
_aDLC _cDLC _dDLC _beng |
||
| 050 | 0 | 0 |
_aTJ147 _b.B24 1990 |
| 082 | 0 | 0 |
_a629.04 _220 |
| 100 | 1 | _aBaer, Edith | |
| 245 | 1 | 0 |
_aThis is the way we go to school : _ba book about children around the world / _cEdith Baer ; illustrated by Steve Björkman. |
| 260 |
_aNew York : _bScholastic, _c1990 |
||
| 300 |
_a36 unnumbered pages : _bIllustrations _c25 cm |
||
| 505 | _aK | ||
| 520 | _aDescribes, in text and illustrations, the many different modes of transportation children all over the world use to get to school. | ||
| 521 |
_a600 _bLexile |
||
| 521 |
_aK _bRaz-Plus |
||
| 650 | 0 |
_aVehicles _xPictorial works _xJuvenile literature. |
|
| 650 | 1 | _aVehicles. | |
| 650 | 1 | _aTransportation. | |
| 700 | 1 |
_aBjörkman, Steve _eillustrator |
|
| 906 |
_a7 _bcbu _corignew _d1 _eocip _f19 _gy-gencatlg |
||
| 942 |
_2ddc _cBK _n0 |
||
| 999 |
_c2270 _d2270 |
||